History Quiz

Random History or Politics Quiz
Score 0/12 Timer 04:00
5 Plays Today
% Correct
Foot binding
95.2%
Wigwam
92.1%
Dust Bowl
92%
Emancipation Proclamation
88.5%
Paleolithic
87.7%
Impressionism
83.7%
Relic
82.8%
Cultural Revolution
82.4%
Cold War
78.1%
Manifest Destiny
77.2%
Dictator
69.9%
Folk art
56.4%
Remove Ads.
Support Sporcle.
Get the best of Sporcle when you Go Orange. This ad-free experience offers more features, more stats, and more fun while also helping to support Sporcle. Thank you for becoming a member.

You're not logged in!

Compare scores with friends on all Sporcle quizzes.
OR
Log In

Show Comments

Extras

Top Quizzes Today


Score Distribution

Your Account Isn't Verified!

In order to create a playlist on Sporcle, you need to verify the email address you used during registration. Go to your Sporcle Settings to finish the process.

Report this User

Report this user for behavior that violates our Community Guidelines.

Details: